|
|
|
|
| LEADER |
00000nkm a2200000 a 4500 |
| 001 |
vtls011967210 |
| 003 |
SK-MaSNL |
| 005 |
20260331211850.0 |
| 007 |
kf co |
| 008 |
231213q1973 xo 000 g knslo |
| 015 |
|
|
|a SNBG1973
|
| 035 |
|
|
|a urn:nbn:sk:snk-km00eaqc
|
| 035 |
|
|
|a urn:nbn:sk:snk-km43gfv
|
| 035 |
|
|
|a A1A97ABB-0330-47D7-81A8-91E23C8CD345
|
| 040 |
|
|
|a SNK
|b slo
|c SNK
|e AACR2
|
| 041 |
0 |
|
|a slo
|
| 043 |
|
|
|a e-xo---
|
| 044 |
|
|
|a xo
|c SK
|
| 072 |
|
7 |
|a 913
|x Regionálna geografia
|2 konspekt
|
| 080 |
|
|
|a 913(437.6)
|2 2011
|
| 080 |
|
|
|a 721
|2 2011
|
| 080 |
|
|
|a (084.121)
|2 2011
|
| 080 |
|
|
|a 711.73
|2 2011
|
| 080 |
|
|
|a 711.61
|2 2011
|
| 080 |
|
|
|a 640.433
|2 2011
|
| 100 |
1 |
|
|a Sekal, Josef,
|d 1936-
|4 pht
|9 83549
|
| 245 |
1 |
0 |
|a Moldava nad Bodvou a okolie
|h grafika
|c foto: J. Sekal, L. Rozman, L. Deneš
|
| 246 |
1 |
|
|i Názov na adresnej časti:
|a Medzev - námestie
|
| 246 |
1 |
|
|i Názov na adresnej časti:
|a Moldava nad Bodvou - motorest
|
| 246 |
1 |
|
|i Názov na adresnej časti:
|a Jasov - stará architektúra
|
| 246 |
1 |
|
|i Názov na adresnej časti:
|a Technické múzeum Hamor - Medzev
|
| 246 |
1 |
|
|i Názov na adresnej časti:
|a Moldava nad Bodvou
|
| 260 |
|
|
|a Bratislava
|b Pressfoto
|c [1973?]
|
| 300 |
|
|
|a 1 pohľadnica (4 čiastkové pohľady)
|b farebná
|c 15 x 11 cm
|
| 500 |
|
|
|a Názvové údaje prevzaté z obrazovej časti pohľadnice
|
| 500 |
|
|
|a Dokument zobrazuje tri samostatné lokality
|
| 520 |
8 |
|
|a Zobrazenie: Na striebornom podklade pohľady na dominaty Moldavy a okolia
|
| 650 |
0 |
7 |
|a budovy
|2 SNKPH
|9 1283
|
| 650 |
0 |
7 |
|a ulice
|2 SNKPH
|9 2938
|
| 650 |
0 |
7 |
|a námestia
|2 SNKPH
|9 26291
|
| 650 |
0 |
7 |
|a motoresty
|2 SNKPH
|9 59168
|
| 651 |
|
7 |
|a Moldava nad Bodvou (Slovensko)
|2 SNKPHgeo
|9 20255
|
| 651 |
|
7 |
|a Medzev (Slovensko)
|2 SNKPHgeo
|9 25106
|
| 651 |
|
7 |
|a Jasov (Slovensko)
|2 SNKPHgeo
|9 22401
|
| 655 |
|
7 |
|a miestne pohľadnice
|2 SNKPH
|9 70510
|
| 700 |
1 |
|
|a Rozman, Ladislav,
|d 1898-1986
|4 pht
|9 5062
|
| 700 |
1 |
|
|a Deneš, Ladislav,
|d 1936-
|4 pht
|9 39475
|
| 852 |
|
|
|a Slovenská národná knižnica
|
| 954 |
|
|
|a pohľadnice pôvodné (slovenské)
|2 lita
|
| 954 |
|
|
|a pohľadnice cudzojazyčné (svetové)
|2 lita
|
| 958 |
|
|
|a GBN
|
| 958 |
|
|
|a GC
|
| 958 |
|
|
|a OND
|
| 958 |
|
|
|a EUIPO
|
| 999 |
|
|
|c 693449
|d 695379
|
| 952 |
|
|
|a SNK
|b SNK
|y PREZ
|7 0
|p 17A1379237
|o snkSP 132529
|z Pohľadnica prešla poštou.
|0 0
|1 0
|4 0
|d 2020-05-18
|f 1
|l 0
|r 2026-02-23 20:33:57
|w 2026-02-23
|